000 00281nam a2200109Ia 4500
008 190216s9999||||xx |||||||||||||| ||und||
100 _aGilbert M Smith
245 0 _aApushpi Sasya Shashthram Algagalum Fangasugalum
260 _bBhasha Institute
650 _aBotany
942 _cBK
999 _c40345
_d40345